Catálogo
 En Linea

Iberaquivos : (Registro nro. 33869)

Detalles MARC
000 -CABECERA
campo de control de longitud fija 00713nam a2200181 a 4500
001 - NÚMERO DE CONTROL
campo de control 000034378
005 - FECHA Y HORA DE LA ÚLTIMA TRANSACCIÓN
campo de control 20240227073914.0
008 - DATOS DE LONGITUD FIJA--INFORMACIÓN GENERAL
campo de control de longitud fija 111004s2003 es 000 0 spa d
040 ## - FUENTE DE LA CATALOGACIÓN
Centro catalogador/agencia de origen DO-SdBNP
Lengua de catalogación spa
Centro/agencia transcriptor BNPHU
049 ## - FONDOS LOCALES (OCLC)
Fondos de biblioteca BNPD
245 00 - MENCIÓN DE TÍTULO
Título Iberaquivos :
Resto del título e programa ADAI desde 1999 : apoyo al desarrollo de los archivos iberoamericanos /.
260 ## - PUBLICACIÓN, DISTRIBUCIÓN, ETC.
Lugar de publicación, distribución, etc. Madrid :
Nombre del editor, distribuidor, etc. Subdirección general de los archivos estatales,
Fecha de publicación, distribución, etc. 2003.
300 ## - DESCRIPCIÓN FÍSICA
Extensión 69 p. :
Otras características físicas il., gráf. ;
Dimensiones 28 cm.
500 ## - NOTA GENERAL
Nota general "Memoria presentada, al terminar el añoo social de 1914 a 1915."
700 1# - PUNTO DE ACCESO ADICIONAL--NOMBRE DE PERSONA
Nombre de persona Henríquez Ureña, Max,
Fechas asociadas al nombre 1885-1968
9 (RLIN) 2621
700 1# - PUNTO DE ACCESO ADICIONAL--NOMBRE DE PERSONA
Nombre de persona Guerrero, Pascual
9 (RLIN) 59794
710 2# - PUNTO DE ACCESO ADICIONAL--NOMBRE DE ENTIDAD CORPORATIVA
Nombre de entidad corporativa o nombre de jurisdicción como elemento de entrada Subdirección General de los Archivos Estatales,
9 (RLIN) 59795
Existencias
Estado de retiro Estado de pérdida Restricciones de uso No para préstamo Código de colección Localización permanente Ubicación/localización actual Ubicación en estantería Fecha de adquisición Número de inventario Total de préstamos Signatura topográfica completa Código de barras Fecha visto por última vez Precio válido a partir de Tipo de ítem Koha
      Excluido de préstamo Monografías: Libros y Folletos General General En catalogación 04.10.2011 LF1   34378-10 25.06.2020 25.06.2020 No se presta

Con tecnología Koha